Pokémon - Attacken von Camerupt in KA/PU - Statistiken

Allgemein
  • Dieses Quiz wurde 2 mal gespielt
  • Das Durchschnittsergebnis liegt bei 35 aus 72
Antwortstatistiken
Antwort % Korrekt
Amnesie
100%
Bodycheck
100%
Bodyslam
100%
Eisenschädel
100%
Erdbeben
100%
Erdkräfte
100%
Eruption
100%
Flammensturm
100%
Fluch
100%
Glut
100%
Heuler
100%
Katapult
100%
Lichtkanone
100%
Regentanz
100%
Risikotackle
100%
Sandsturm
100%
Schaufler
100%
Schutzschild
100%
Solarstrahl
100%
Sonnentag
100%
Steinhagel
100%
Steinkante
100%
Tackle
100%
Antik-Kraft
50%
Brandstempel
50%
Dampfwalze
50%
Delegator
50%
Einäschern
50%
Erholung
50%
Felsgrab
50%
Feuersturm
50%
Feuerwirbel
50%
Flammenblitz
50%
Flammenwurf
50%
Fruststampfer
50%
Geofissur
50%
Gigastoß
50%
Hitzewelle
50%
Hyperstrahl
50%
Lehmschelle
50%
Lehmschuss
50%
Pferdestärke
50%
Rammboss
50%
Schlafrede
50%
Tera-Ausbruch
50%
Wegbereiter
50%
Zen-Kopfstoß
50%
Ausdauer
0%
Body Press
0%
Brandsand
0%
Brüller
0%
Charme
0%
Einigler
0%
Energiefokus
0%
Entfessler
0%
Fassade
0%
Frustflamme
0%
Frustventil
0%
Gähner
0%
Grimasse
0%
Hitzekoller
0%
Horter
0%
Irrlicht
0%
Jauler
0%
Nitroladung
0%
Notsituation
0%
Rechte Hand
0%
Stampfer
0%
Tarnsteine
0%
Verzehrer
0%
Wachstum
0%
Walzer
0%
Keine übereinstimmenden Quizze gefunden
Verteilung der Resultate
Anzahl Personen mit jedem Resultat
Perzentil nach korrekt beantworteten Fragen
Ihre Resultats-Entwicklung
Sie haben dieses Quiz noch nicht gespielt